Estudio de prefactibilidad para la disposición de as aguas servidas de la ciudad de Santiago de Puriscal.
Gardado en:
| Autor Principal: | |
|---|---|
| Formato: | Libro |
| Publicado: |
San José, Costa Rica
1987
|
| Materias: | |
| Etiquetas: |
Engadir etiqueta
Sen Etiquetas, Sexa o primeiro en etiquetar este rexistro!
|
MARC
| LEADER | 00000nam a2200000Ia 4500 | ||
|---|---|---|---|
| 003 | 004391 | ||
| 005 | 20240703103730.0 | ||
| 008 | 140114s1987 c a m 000 ||s d | ||
| 040 | |c cru CEDI | ||
| 090 | |a TFG 2011 | ||
| 100 | |a Martínez Charpentier, Ana Cecilia, 1964- |9 3424 | ||
| 245 | |a Estudio de prefactibilidad para la disposición de as aguas servidas de la ciudad de Santiago de Puriscal. | ||
| 260 | |a San José, Costa Rica |c 1987 | ||
| 300 | |a xiv, [112] hojas : ilustraciones (algunas plegables) ; 29 cm | ||
| 500 | |a Proyecto de graduación (licenciatura en ingeniería civil)--Universidad de Costa Rica. Facultad de Ingeniería. Escuela de Ingeniería Civil. | ||
| 501 | |a Director del Proyecto de Graduación: Ing. Napoleón Cruz | ||
| 650 | |x AGUAS RESIDUALES |9 13778 | ||
| 942 | |c TFG |h TFG 2011 |i 004391 |6 TFG_2011_004391000000000 | ||
| 999 | |c 20723 |d 20723 | ||
